00540nam a22001577a 450000500170000001000150001702000260003203500140005803700130007208200080008510000180009324500750011126000530018627001030023930000400034220180118150509.0 aENG-122112 a9789352606030c310.00 aEN-105644 bDBAD/PUB a541 aRanveer Singh aPhysical chemistry-ii :cby Ranveer Singhbfor jee (main & advanced) / aTamil NadubMcGraw Hill Education (India)cc2017 a444/1, Sri Ekambara Naicker Industrial Estate, Alapakkam, Porur, Chennai-600116, Tamil Nadu, India aix, various pages.c28cm(pbk)bill.